00685nam a22002057a 450000500170000001000130001702000220003003500130005203700160006504000120008108200160009310000270010924500570013626000680019327000620026130000260032350000500034965000370039965000430043620170124110037.0 aB-047152 c00.00a8120800176 aB-047152 bCen Lib/Ret aDPLbEN a954.01bTRI aTripathi, Rama Shankar aHistory of ancient India /cby Rama Shankar Tripathi aNew DelhibMotilal Banarsidass Publishers Private Limitedc1992 a41, U.A., Bungalow Road, Jawahar NagarbNew Delhie110007 axxix,605p. c20cm(Hb) aIncludes bibliographical references and index aIndia -- History -- To 324 B.C.  aIndia -- History -- 324 B.C.-1000 A.D.